Loonberekening - Statistieken

Algemene statistieken
  • Deze quiz is 13 keer genomen
  • De gemiddelde score is 3 van 8
Antwoordstatistieken
Hint Antwoord % Correct
Belastbaar loon = brutoloon - RSZ bijdrage
100%
RSZ-werknemersbijdrage pensioenen
67%
Bedrijfsvoorheffing belasting op arbeid
33%
Bedrijfsvoorheffing berekend op belastbaar loon
33%
Correctie op nettoloon bijkomende inhoudingen
33%
Nettoloon = brutoloon - RSZ bedrijfsvoorheffing
33%
Correctie op nettoloon uitkeringen die niet worden belast
33%
Bedrijfsvoorheffing afhankelijk van hoogte loon
0%
Geen overeenkomende quizzen gevonden
Scoreverdeling
Procent van Mensen met Elke Score
Percentiel versus Aantal Correcte Antwoorden
Uw Scoregeschiedenis
U heeft deze quiz nog niet genomen